| 000 | 00592nam a2200169 a 4500 | ||
|---|---|---|---|
| 001 | 000032632 | ||
| 005 | 20200930065739.0 | ||
| 008 | 110725s1954 cu 000 0 spa d | ||
| 040 |
_aDO-SdBNP _bspa _cBNPHU |
||
| 082 |
_axxx _bJ61s |
||
| 100 | 1 |
_aJimenes Grullón, J. I. _952789 |
|
| 245 | 1 | 0 |
_aSeis poetas cubanos : _bensayos apologeticos / _cJ. I. Jiménes Grullón. |
| 260 |
_aLa Habana, Cuba : _bCromos, _c1954. |
||
| 300 |
_a169 p. ; _c20 cm. |
||
| 500 | _aRegino E. Boli, María Luisa Milanés, Manuel Navarro Luna, Nicolas Guillén, Dulce María Loynaz, Eugenio Florit. | ||
| 049 | _aBNPD | ||
| 999 |
_c32123 _d32123 |
||